Plásticos (Record no. 64126)
[ view plain ]
| 000 -LEADER | |
|---|---|
| campo de control de longitud fija | 00530nam a2200157 i 4500 |
| 001 - NÚMERO DE CONTROL | |
| campo de control | 64126 |
| 003 - IDENTIFICADOR DE NÚMERO DE CONTROL | |
| campo de control | ES-MaACL |
| 007 - CAMPO FIJO DE DESCRIPCIÓN FÍSICA--INFORMACIÓN GENERAL | |
| campo de control de longitud fija | t| |
| 008 - DATOS DE LONGITUD FIJA--INFORMACIÓN GENERAL | |
| campo de control de longitud fija | 031222s1953 sp ||||1| spa d |
| 100 1# - ENTRADA PRINCIPAL--NOMBRE DE PERSONA | |
| Nombre de persona | Fleck, H. Ronald. |
| 9 (RLIN) | 51146 |
| 245 10 - MENCIÓN DEL TÍTULO | |
| Título | Plásticos |
| Resto del título | : su estudio científico y tecnológico / |
| Mención de responsabilidad, etc. | H. Ronald Fleck ; traducción de la 3ª edición por Mateo Sust. |
| 260 ## - PUBLICACIÓN, DISTRIBUCIÓN, ETC. | |
| Lugar de publicación, distribución, etc. | Barcelona : |
| Nombre del editor, distribuidor, etc. | Gustavo Gili, |
| Fecha de publicación, distribución, etc. | 1953 ( |
| Fabricante | S.A.D.A.G.) |
| 300 ## - DESCRIPCIÓN FÍSICA | |
| Extensión | 475 p., 2 lám. ; |
| Dimensiones | 23 cm. |
| 700 1# - ENTRADA AGREGADA--NOMBRE PERSONAL | |
| Nombre de persona | Sust, Mateo. |
| 9 (RLIN) | 108864 |
| 852 ## - LOCALIZACIÓN | |
| Ubicación | ES-MaACL |
| Número de control de estantería | C-5802 |
| Sublocalización o colección | R.34994 |
| Estatus retirado | Estado de pérdida | Estado de daño | No para préstamo | Biblioteca de origen | Biblioteca actual | Ubicación en estantería | Fecha de adquisición | Fuente de adquisición | Total de préstamos | Signatura topográfica completa | Código de barras | Visto por última vez | Precio de reemplazo | Tipo de ítem Koha |
|---|---|---|---|---|---|---|---|---|---|---|---|---|---|---|
| Biblioteca del Ateneo de Madrid | Biblioteca del Ateneo de Madrid | Sala Palomar | 17/01/2008 | C-5802 | 1067202 | 23/02/2023 | 23/02/2023 | Libro impreso |
